Cuca Fundida (Record no. 145623)

MARC details
000 -LÍDER
campo de controle de tamanho fixo 00338 a2200157 4500
001 - NÚMERO DE CONTROLE
campo de controle 145623
040 ## - FONTE DA CATALOGAÇÃO
Instituição que transcreveu o registro Leonardo Da Vinci
041 ## - CÓDIGO DE IDIOMA
Código do idioma do texto/trilha sonora ou título diferente Português
082 ## - CDD - CLASSIFICAÇÃO DECIMAL DE DEWEY
Número de Classificação 817 A432
Número do exemplar A432
100 ## - ENTRADA PRINCIPAL--NOME PESSOAL
Nome pessoal ALLEN, Woody
245 ## - TÍTULO
Título Cuca Fundida
260 ## - PUBLICAÇÃO, DISTRIBUIÇÃO, ETC.
Nome do editor, distribuidor, etc. L e M Pocket
Data da publicação, distribuição, etc. 2013
Local de publicação, distribuição, etc. São Paulo
300 ## - DESCRIÇÃO FÍSICA
Extensão 160p
362 ## - DATAS DE PUBLICAÇÃO E/OU DESIGNAÇÃO SEQUENCIAL
Datas de publicação e/ou designação sequencial 20130000
942 ## - ELEMENTOS DE ENTRADA ADICIONADOS (KOHA)
Tipo de material Koha Livros
Holdings
Situação do descarte Situação das perdas Situação física Não pode ser emprestado Biblioteca de origem Biblioteca atual Data de aquisição Total de empréstimos Número de chamada completo Código de barras Data de último acesso Data do preço efetivo Tipo de material Koha
        Leonardo Da Vinci - Granja Viana Leonardo Da Vinci - Granja Viana 27/03/2024   817 A432 G01680 27/03/2024 27/03/2024 Livros